| 000 | 00909nam a2200217 a 4500 | ||
|---|---|---|---|
| 005 | 20260322212058.0 | ||
| 008 | data | ||
| 096 | _aW 84.5 M854 1990 | ||
| 100 | 1 | _aMulholland, Joyce L. | |
| 245 | 1 | 0 |
_aCultural aspects of health care in Arizona : _ba clinician's manual _cJoyce L. Mulholland, GateWay Community College. Division of Nursing & University of Arizona. Rural Health Office. |
| 250 | _a2nd ed | ||
| 260 |
_aPhoenix, Ariz. _bGateWay Community College, Division of Nursing, Maricopa County Community College District _c1990 |
||
| 650 | 0 |
_aMedical care _zArizona |
|
| 650 | 0 |
_aIndians of North America _xMedical care _zArizona |
|
| 650 | 0 |
_aNursing _xSocial aspects |
|
| 650 | 0 |
_aMinorities _xMedical care _zArizona |
|
| 650 | 0 |
_aMexican Americans _xMedical care _zArizona |
|
| 710 | 2 | _aGateWay Community College. Division of Nursing. | |
| 710 | 2 | _aUniversity of Arizona. Rural Health Office. | |
| 001 | data | ||
| 999 |
_c1379 _d1379 |
||